| 000 -LEADER |
| fixed length control field |
nam a22 a 4500 |
| 003 - CONTROL NUMBER IDENTIFIER |
| control field |
AKMAL |
| 005 - DATE AND TIME OF LATEST TRANSACTION |
| control field |
20170726123019.0 |
| 008 - FIXED-LENGTH DATA ELEMENTS--GENERAL INFORMATION |
| fixed length control field |
170726t20152015my a g 000 0 may d |
| 020 ## - INTERNATIONAL STANDARD BOOK NUMBER |
| International Standard Book Number |
9789674114077 |
| Qualifying information |
paperback |
| Terms of availability |
RM33.00 |
| 040 ## - CATALOGING SOURCE |
| Original cataloging agency |
BNM |
| 082 04 - DEWEY DECIMAL CLASSIFICATION NUMBER |
| Classification number |
158 ZIG |
| Edition number |
23 |
| 090 00 - LOCALLY ASSIGNED LC-TYPE CALL NUMBER (OCLC); LOCAL CALL NUMBER (RLIN) |
| Classification number (OCLC) (R) ; Classification number, CALL (RLIN) (NR) |
158 |
| Local cutter number (OCLC) ; Book number/undivided call number, CALL (RLIN) |
ZIG |
| 100 1# - MAIN ENTRY--PERSONAL NAME |
| Personal name |
Ziglar, Zig, |
| Relator term |
author. |
| 9 (RLIN) |
1448 |
| 245 10 - TITLE STATEMENT |
| Title |
SEE YOU AT THE TOP / |
| Statement of responsibility, etc. |
ZIG ZIGLAR ; Penterjemah: Nor Junainah Masjuni ; Suntingan: Amiratul Awatif |
| 250 ## - EDITION STATEMENT |
| Edition statement |
EDISI BAHASA MELAYU |
| 250 ## - EDITION STATEMENT |
| Edition statement |
Edisi Ulang Tahun ke - 25 |
| 264 #1 - PRODUCTION, PUBLICATION, DISTRIBUTION, MANUFACTURE, AND COPYRIGHT NOTICE |
| Place of production, publication, distribution, manufacture |
Batu Caves, Selangor : |
| Name of producer, publisher, distributor, manufacturer |
PTS PUBLISHING HOUSE SENDIRIAN BERHAD, |
| Date of production, publication, distribution, manufacture, or copyright notice |
2015 |
| 264 #4 - PRODUCTION, PUBLICATION, DISTRIBUTION, MANUFACTURE, AND COPYRIGHT NOTICE |
| Date of production, publication, distribution, manufacture, or copyright notice |
©2015 |
| 300 ## - PHYSICAL DESCRIPTION |
| Extent |
vi, 521 pages : |
| Other physical details |
illustrations ; |
| Dimensions |
23 cm |
| 650 10 - SUBJECT ADDED ENTRY--TOPICAL TERM |
| Topical term or geographic name entry element |
Success |
| 9 (RLIN) |
2 |
| 650 20 - SUBJECT ADDED ENTRY--TOPICAL TERM |
| Topical term or geographic name entry element |
Self-culture |
| 9 (RLIN) |
1052 |
| 700 0# - ADDED ENTRY--PERSONAL NAME |
| Personal name |
Nor Junainah Masjuni, |
| Relator term |
translator. |
| 9 (RLIN) |
8937 |
| 700 0# - ADDED ENTRY--PERSONAL NAME |
| Personal name |
Amiratul Awatif, |
| Relator term |
editor. |
| 9 (RLIN) |
8938 |
| 765 0# - ORIGINAL LANGUAGE ENTRY |
| Relationship information |
Translation of: |
| Main entry heading |
Ziglar, Zig. |
| Title |
See you at the top = formerly entitled Biscuits, fleas and pump handles. |
| Place, publisher, and date of publication |
Gretna, La. : Pelican Pub., 1987, c1977. |
| Physical description |
382p. : ill. ; 22cm. |
| International Standard Book Number |
088289126X |
| 776 0# - ADDITIONAL PHYSICAL FORM ENTRY |
| Relationship information |
Reproduced as (manifestation): |
| Main entry heading |
Ziglar, Zig, 1926- |
| Title |
See You At The Top- |
| Place, publisher, and date of publication |
Batu Caves, Selangor : PTS Publishing House, 2015. |
| International Standard Book Number |
9789674115357 eISBN |
| 942 ## - ADDED ENTRY ELEMENTS (KOHA) |
| Source of classification or shelving scheme |
|
| Koha item type |
Book |
| 950 ## - LOCAL HOLDINGS (RLIN) |
| Permanent shelving location, LOC (RLIN) |
AKMAL |